Podium du 100 mètres masculin - Statistics

General Stats
  • This quiz has been taken 8 times
    4 since last reset
  • The average score is 21 of 48
Answer Stats
Hint Answer % Correct
Letsile Tebogo
100%
Jeux olympiques de Paris - 2024 Noah Lyles
100%
Championnats du monde de Moscou - 2013 Usain Bolt
100%
Yohan Blake
100%
Andre De Grasse
67%
Asafa Powell
67%
Championnats du monde de Tokyo - 1991 Carl Lewis
67%
Championnats du monde de Göteborg - 1995 Donovan Bailey
67%
Jeux olympiques de Paris - 2024 Fred Kerley
67%
Championnats du monde de Londres - 2017 Justin Gatlin
67%
Kim Collins
67%
Championnats du monde de Paris - 2003 Kim Collins
67%
Jeux olympiques de Paris - 2024 Kishane Thompson
67%
Jeux olympiques de Tokyo - 2020 Marcell Jacobs
67%
Championnats du monde d'Edmonton - 2001 Maurice Greene
67%
Nesta Carter
67%
Obadele Thompson
67%
Richard Thompson
67%
Trayvon Bromell / Andre De Grasse
67%
Walter Dix
67%
Jeux olympiques de Moscou - 1980 Allan Wells
33%
Andre Cason
33%
Ato Boldon
33%
Ben Johnson
33%
Bruny Surin
33%
Calvin Smith
33%
Championnats du monde de Doha - 2019 Christian Coleman
33%
Dennis Mitchell
33%
Dwain Chambers
33%
Francis Obikwelu
33%
Frank Frederick
33%
Leroy Burrell
33%
Championnats du monde de Stuttgart - 1993 Linford Christie
33%
Michael Frater
33%
Petar Petrov
33%
Silvio Leonard
33%
Tim Montgomery
33%
Trayvon Bromell
33%
Championnats du monde d'Osaka - 2007 Tyson Gay
33%
Zharnel Hughes
33%
Bernard Williams
0%
Darrel Brown
0%
Darren Campbell
0%
Derrick Atkins
0%
Emmit King
0%
Marvin Bracy
0%
Ray Stewart
0%
Sam Graddy
0%
No matching quizzes found
Score Distribution
Percent of People with Each Score
Percentile by Number Answered
Your Score History
You have not taken this quiz since the last reset